Statistics for Super Mario World Levels

Click here to take the quiz!

General Stats

  • This quiz has been taken 27 times
  • The average score is 47 of 75

Answer Stats

WorldLevel% Correct
Yoshi's Island#1 Iggy's Castle
83%
Donut PlainsDonut Plains 1
83%
Donut PlainsDonut Plains 2
83%
Donut PlainsDonut Plains 3
83%
Donut PlainsDonut Plains 4
83%
Donut PlainsGreen Switch Palace
83%
Yoshi's IslandYellow Switch Palace
83%
Yoshi's IslandYoshi's Island 1
83%
Yoshi's IslandYoshi's Island 2
83%
Yoshi's IslandYoshi's Island 3
83%
Yoshi's IslandYoshi's Island 4
83%
Donut Plains#2 Morton's Castle
75%
Twin Bridges#4 Ludwig's Castle
75%
Forest of IllusionBlue Switch Palace
75%
Chocolate IslandChocolate Island 1
75%
Chocolate IslandChocolate Island 2
75%
Chocolate IslandChocolate Island 3
75%
Chocolate IslandChocolate Island 4
75%
Chocolate IslandChocolate Island 5
75%
Valley of BowserFront Door & Back Door
75%
Vanilla DomeRed Switch Palace
75%
Star WorldStar World 1
75%
Star WorldStar World 2
75%
Star WorldStar World 3
75%
Star WorldStar World 4
75%
Star WorldStar World 5
75%
Valley of BowserValley of Bowser 1
75%
Valley of BowserValley of Bowser 2
75%
Valley of BowserValley of Bowser 3
75%
Valley of BowserValley of Bowser 4
75%
Vanilla DomeVanilla Dome 1
75%
Vanilla DomeVanilla Dome 2
75%
Vanilla DomeVanilla Dome 3
75%
Vanilla DomeVanilla Dome 4
75%
Vanilla Dome#3 Lemmy's Castle
67%
Forest of Illusion#5 Roy's Castle
67%
Chocolate Island#6 Wendy's Castle
67%
Forest of IllusionForest of Illusion 1
67%
Forest of IllusionForest of Illusion 2
67%
Forest of IllusionForest of Illusion 3
67%
Forest of IllusionForest of Illusion 4
67%
Special WorldTubular
67%
Yoshi's IslandYoshi's House
67%
Valley of Bowser#7 Larry's Castle
58%
Special WorldAwesome
58%
Twin BridgesButter Bridge 1
58%
Twin BridgesButter Bridge 2
58%
Donut PlainsDonut Secret 1
58%
Donut PlainsDonut Secret 2
58%
Special WorldGnarly
58%
Forest of IllusionForest Fortress
50%
Forest of IllusionForest Secret Area
50%
Special WorldFunky
50%
Special WorldOutrageous
50%
Twin BridgesSoda Lake
50%
Donut PlainsTop Secret Area
50%
Vanilla DomeVanilla Fortress
50%
Vanilla DomeVanilla Secret 1
50%
Vanilla DomeVanilla Secret 2
50%
Vanilla DomeVanilla Secret 3
50%
Twin BridgesCheese Bridge Area
42%
Chocolate IslandChoco-Ghost House
42%
Chocolate IslandChocolate Fortress
42%
Donut PlainsDonut Ghost House
42%
Forest of IllusionForest Ghost House
42%
Special WorldMondo
42%
Valley of BowserValley Fortress
42%
Valley of BowserValley Ghost House
42%
Special WorldWay Cool
42%
Chocolate IslandChocolate Secret
33%
Twin BridgesCookie Mountain
33%
Donut PlainsDonut Secret House
33%
Special WorldGroovy
33%
Valley of BowserSunken Ghost Ship
33%
Vanilla DomeVanilla Ghost House
33%

Score Distribution

Percentile by Number Answered

Percent of People with Each Score

Your Score History

You have not taken this quiz